000 00296nam a22001217a 4500
008 180926b xxu||||| |||| 00| 0 eng d
041 _aeng
080 _a030
100 _a24
101 _aENC
245 _aEncyclopedia Of British Writers 1800 To the Present
_cStade.G
942 _2udc
_cBK
999 _c48487
_d48487